| 000 | 00711nam a2200217 i 4500 | ||
|---|---|---|---|
| 001 | 150532 | ||
| 003 | ES-MaACL | ||
| 005 | 20231223063105.0 | ||
| 007 | t| | ||
| 008 | 071031s1970 sp ||||1| spa d | ||
| 080 | _a821.134.2-31"18" | ||
| 100 | 1 |
_aValera, Juan, _d1824-1905 _9112638 |
|
| 245 | 1 | 4 |
_aLas ilusiones del doctor Faustino / _cJuan Valera ; edición, introducción y notas de Cyrus DeCoster. |
| 260 |
_aMadrid : _bCastalia, _c[1970] |
||
| 300 |
_a452 p., 1 h. de lám. : _bil. ; _c18 cm. |
||
| 490 | 1 |
_aClásicos Castalia ; _v26 |
|
| 700 | 1 |
_aDeCoster, Cyrus Cole ( _d1914-1999) _9176198 |
|
| 830 | 1 |
_aClásicos Castalia ; _v26 _9178595 |
|
| 852 |
_aES-MaACL _jE-8053 |
||
| 999 |
_c150532 _d150532 |
||